000 nam a22 7a 4500
999 _c46552
_d46552
003 OSt
005 20190418125933.0
008 190418b xxu||||| |||| 00| 0 eng d
040 _cIIMT COLLEGE OF LAW,GREATER NOIDA
100 _aKAUT,ANJANI
245 _aBANKING LAW
260 _aNEW DELHI
_bC.L.P.
_c2016
300 _a443
942 _2ddc
_c02